| 000 | 00684nam a2200217 u 4500 | ||
|---|---|---|---|
| 005 | 20240320063641.0 | ||
| 008 | 110920s2006 r 000 0 eng d | ||
| 020 | _a8493482633 (10 dígitos) | ||
| 020 | _a9788493482633 (13 dígitos) | ||
| 035 | _aUPN01000181839 | ||
| 049 | _aI | ||
| 050 | 4 |
_aPZ74.7 _bG5.3 |
|
| 100 | 1 |
_aGil Martínez, Carmen, _d1964- _932973 |
|
| 245 | 1 | 3 |
_aEl hada Roberta / _cCarmen Gil Martínez ; il. Pep Brocal. |
| 260 |
_aBarcelona, Esp. : _bBambú, _c2006. |
||
| 300 |
_a94 p. : _bil. |
||
| 440 | 0 |
_aBambú. _pJóvenes lectores ; _v1 |
|
| 650 | 0 |
_aLiteratura juvenil española _912359 |
|
| 650 | 4 |
_aLibros y lectura para niños _92290 |
|
| 905 | _aInfantil | ||
| 999 |
_c153942 _d153942 |
||